Famous People With Fruity Names - Statistics

General Stats
  • This quiz has been taken 60 times
  • The average score is 7 of 15
Answer Stats
Life Hint Person % Correct
1926–2017 Rock and roll pioneer {Chuck} Berry
90%
1966– Oscar-winning actress {Halle} Berry
88%
2004– Daughter of Gwyneth Apple {Martin}
71%
Fictional Mario series princess Princess Peach
66%
Fictional Clue(do) board-game suspect Professor Plum
56%
Fictional Cartoon character; began on greeting cards Strawberry {Shortcake}
54%
1977– "Criminal" and "Sleep to Dream" musician {Fiona} Apple
51%
1966– Former CNN news anchor {Don} Lemon
44%
1964– Singer of “Buffalo Stance” {Neneh} Cherry
42%
1650–1702 King who led the Glorious Revolution William of Orange
41%
1989–2014 Columnist, TV personality, daughter of Bob Peaches {Geldof}
36%
1968– Singer of "Save Tonight" {Eagle-Eye} Cherry
34%
Fictional Giant purple Hanna-Barbera character Grape {Ape}
32%
1934–1995 Avant-garde jazz trumpeter {Don} Cherry
17%
1966– Electroclash musician Merrill Nisker Peaches
8%
No matching quizzes found
Score Distribution
Percent of People with Each Score
Percentile by Number Answered
Your Score History
You have not taken this quiz